000
00229nam a22001217a 4500
041
_a
eng
080
_a
51
090
_b
GOO
100
_a
Goodman, A. W.
245
_a
The Pleasures of Math.
650
_a
Science
999
_c
279508
_d
279508
942
_c
BK